The legacy of Ellen G. White in Africa : (Record no. 25262)

MARC details
000 -LEADER
fixed length control field 00695nam a22002057a 4500
003 - CONTROL NUMBER IDENTIFIER
control field AUA.1
005 - DATE AND TIME OF LATEST TRANSACTION
control field 20260129094823.0
008 - FIXED-LENGTH DATA ELEMENTS--GENERAL INFORMATION
fixed length control field 251120b |||||||| |||| 00| 0 eng d
020 ## - INTERNATIONAL STANDARD BOOK NUMBER
International Standard Book Number 9789787787793
040 ## - CATALOGING SOURCE
Transcribing agency JTL
050 ## - LIBRARY OF CONGRESS CALL NUMBER
Classification number BX6149
Item number .M374 2025
100 ## - MAIN ENTRY--PERSONAL NAME
Personal name Masfa, Gabriel
245 ## - TITLE STATEMENT
Title The legacy of Ellen G. White in Africa :
Remainder of title contributions and influence /
Statement of responsibility, etc Gabriel Masfa.
260 ## - PUBLICATION, DISTRIBUTION, ETC. (IMPRINT)
Place of publication, distribution, etc Ogun State, Nigeria :
Name of publisher, distributor, etc Babcock University Press;
Date of publication, distribution, etc c2025.
300 ## - PHYSICAL DESCRIPTION
Extent xvi, 142 pages :
Dimensions 21 cm.
600 ## - SUBJECT ADDED ENTRY--PERSONAL NAME
Personal name White, Ellen Gould (Harmon)
650 ## - SUBJECT ADDED ENTRY--TOPICAL TERM
Topical term or geographic name as entry element Seventh-day Adventists
Form subdivision History
650 ## - SUBJECT ADDED ENTRY--TOPICAL TERM
Topical term or geographic name as entry element Seventh-day Adventists
Form subdivision Africa
942 ## - ADDED ENTRY ELEMENTS (KOHA)
Source of classification or shelving scheme Library of Congress Classification
Koha item type Books
Classification part BX 6149
Item part .M374 2025
Holdings
Withdrawn status Lost status Source of classification or shelving scheme Damaged status Not for loan Collection code Home library Current library Shelving location Date acquired Source of acquisition Cost, normal purchase price Serial Enumeration / chronology Total Checkouts Full call number Barcode Date last seen Cost, replacement price Price effective from Koha item type Copy number
    Library of Congress Classification     Books Judith Thomas Library Judith Thomas Library General Stacks 20/11/2025 Donation, Dr. Gabriel Masfa 15.00 AUA28007   BX 6149 .M374 2025 AUA28007 20/11/2025 15.00 20/11/2025 Books  
    Library of Congress Classification     Books Judith Thomas Library Judith Thomas Library General Stacks 20/11/2025 Donation, Dr. Gabriel Masfa 15.00 AUA28008   BX 6149 .M374 2025 AUA28008 20/11/2025 15.00 20/11/2025 Books 2